| 000 | 00735nam a2200277Ia 4500 | ||
|---|---|---|---|
| 003 | OSt | ||
| 005 | 20220918194805.0 | ||
| 006 | a|||||r|||| 00| 0 | ||
| 007 | ta | ||
| 008 | 220917b |||||||| |||| 00| 0 eng d | ||
| 024 | _a81,628 | ||
| 037 | _cTextual | ||
| 040 |
_aARTS _cARTS _beng |
||
| 041 |
_2eng _aeng |
||
| 082 | _aS:86, M7 (SD) | ||
| 100 |
_aHaley Jay _987110 |
||
| 245 | 0 | _aProblem-solving therapy | |
| 250 | _a2nd | ||
| 260 |
_aSan _bFrancisco Jossey-Bass Pub _c1987 |
||
| 300 |
_axv,269p. _ccm. |
||
| 490 | _aJossey-Bass social and behavioral science series | ||
| 500 | _aIncludes index | ||
| 650 | _aPSYCHOLOGY | ||
| 942 |
_hS:86, M7 (SD) _cTEXL _2CC |
||
| 999 |
_c205350 _d205350 |
||